Incentivos perversos , gobernantes oportunistas, votantes racionales (Registro nro. 3948)
[ vista simple ]
| 000 -LEADER | |
|---|---|
| fixed length control field | 01913 a2200241 4500 |
| 001 - CONTROL NUMBER | |
| control field | 45514 |
| 005 - DATE AND TIME OF LATEST TRANSACTION | |
| control field | 20260407155727.0 |
| 008 - FIXED-LENGTH DATA ELEMENTS--GENERAL INFORMATION | |
| fixed length control field | 260407a2016 arg spa d |
| 003 - CONTROL NUMBER IDENTIFIER | |
| control field | AR-UNSa-BCEJYS |
| 040 ## - CATALOGING SOURCE | |
| Original cataloging agency | AR-UNSa-BCEJYS |
| Language of cataloging | spa |
| Transcribing agency | AR-UNSa-BCEJYS |
| 080 ## - UNIVERSAL DECIMAL CLASSIFICATION NUMBER | |
| Universal Decimal Classification number | 336.02 |
| Common auxiliary subdivision | Política financiera. Política fiscal |
| 020 ## - INTERNATIONAL STANDARD BOOK NUMBER | |
| International Standard Book Number | 978-987-02-9221-0 |
| 041 ## - LANGUAGE CODE | |
| Language code of text/sound track or separate title | spa |
| 100 1# - MAIN ENTRY--PERSONAL NAME | |
| Personal name | Meloni, Osvaldo |
| 245 10 - TITLE STATEMENT | |
| Title | Incentivos perversos , gobernantes oportunistas, votantes racionales |
| Name of part/section of a work | ensayos sobre la economía política de las provincias argentinas |
| 264 #1 - PRODUCTION, PUBLICATION, DISTRIBUTION, MANUFACTURE, AND COPYRIGHT NOTICE | |
| Place of production, publication, distribution, manufacture | Buenos Aires : |
| Name of producer, publisher, distributor, manufacturer | Dunken |
| Date of production, publication, distribution, manufacture, or copyright notice | 2016 |
| 300 ## - PHYSICAL DESCRIPTION | |
| Extent | 308 p. |
| Dimensions | 23 cm. |
| 505 ## - FORMATTED CONTENTS NOTE | |
| Formatted contents note | Primera Parte: Federalismo, transferencias intergubernamentales y política fiscal: 1. Restricción Presupuestaria Blanda en Sistemas Federales: Incentivos en los gobiernos sub nacionales y Riesgo compartido / María José Catalán – 2. ¿Están las transferencias nacionales desplazando recursos tributarios provinciales en Argentina? / Ernesto Rezk y Nicolás Pérez Águila – 3. La paradoja de la dádiva en provincias argentinas / Marcelo Capello, Albeto Figueras e Iván Uturralde – 4. El Comportamiento Fiscal de los Gobiernos Provinciales en tiempos electorales / Osvaldo Meloni – 5. Extensión. Los rostros del Oportunismo: Peronistas, Radicales y Partidos Provinciales – 6. Competencia política y política fiscal / Osvaldo Meloni – Segunda Parte: Reglas de juego, elecciones y desempeño fiscal de los gobiernos provinciales: 7. Determinantes Institucionales del Gasto Público en las Provincias Argentinas / José Bercoff y Jorge Nougués – 8. Sensatez y Sensibilidad: Condiciones socioeconómicas y voto femenino / José Bercoff y Osvaldo Meloni - |
| 590 ## - LOCAL NOTE (RLIN) | |
| Local note | niveau_biblio:m niveau_hierar:0 |
| 700 1# - ADDED ENTRY--PERSONAL NAME | |
| Personal name | Bercoff, José J. |
| 856 41 - ELECTRONIC LOCATION AND ACCESS | |
| Uniform Resource Identifier | <a href="https://www.biblioeco.unsa.edu.ar/pmb/images/libros/L127128.jpg">https://www.biblioeco.unsa.edu.ar/pmb/images/libros/L127128.jpg</a> |
| Link text | Imagen de portada |
| Electronic format type | image/jpeg |
| 942 ## - ADDED ENTRY ELEMENTS (KOHA) | |
| Koha item type | |
| Withdrawn status | Lost status | Damaged status | Not for loan | Home library | Current library | Shelving location | Date acquired | Total checkouts | Full call number | Barcode | Date last seen | Price effective from | Koha item type |
|---|---|---|---|---|---|---|---|---|---|---|---|---|---|
| Biblioteca Prof. Eusebio Cleto del Rey | Biblioteca Prof. Eusebio Cleto del Rey | 07/04/2026 | 336.02 B485 | L127128 | 07/04/2026 | 07/04/2026 | Libro | ||||||
| Biblioteca Prof. Eusebio Cleto del Rey | Biblioteca Prof. Eusebio Cleto del Rey | 07/04/2026 | 336.02 B485 | L128274 | 07/04/2026 | 07/04/2026 | Libro |